| 000 | 00703nam a22002177a 4500 | ||
|---|---|---|---|
| 999 |
_c15228 _d15228 |
||
| 003 | AR-CdUCM | ||
| 008 | 190426b ||||| |||| 00| 0 spa d | ||
| 020 | _a978-607-404-670-0 | ||
| 040 |
_aMUNICIPALIDAD PROVINCIAL DEL CUSCO _cBIBLIOTECA MUNICIPAL DEL CUSCO |
||
| 082 |
_aPI / 916 / _bT238 |
||
| 100 |
_aTaylor, Barbara _934266 |
||
| 245 |
_aExplorador 3D : _bSafari animal / |
||
| 260 |
_aMéxico : _bSilver Dolphin, _c2012. |
||
| 300 |
_a30 páginas ; _bIlustraciones en 3D, _c30 cm. |
||
| 650 |
_aAnimales de Africa _934267 |
||
| 650 |
_aInfantil _96210 |
||
| 650 |
_a3D _934268 |
||
| 700 |
_aPuente Montelongo, Elizabeth (traducción) _932822 |
||
| 942 |
_2ddc _cLIBROS |
||
| 945 |
_adavv _d26/04/2019 |
||